00516 2200193 4500001002100000005001500021035002000036007000300056008004100059020002200100082001100122084001700133100002200150245006500172260002800237300002700265650002000292990001000312INLIS00000000000062520171011110739 a0010-1017000179ta171011 f 0 ind  a978-602-97633-2-4 a2x0.07 a2x0.07 HER m0 aHeriyanto, Husain1 aMenggali Nalar Saintifik Peradaban Islam /cHusain Heriyanto aJakarta :bMizan,c2011 a376hlm ;c15 x 23,5 cm aPeradaban Islam a12886